000 00197 a2200109 4500
020 _a053119095
041 _aeng
100 _aClare Beaton
245 _aFace Painting
942 _cBK
952 _71
999 _c18140
_d18140